000
00276pab a2200109 454500
008
180718b xxu||||| |||| 00| 0 eng d
100
_a
Kabra, Kamal Nayan
245
_a
New credit policy and the danger of stagflation
650
_a
Credit - Policy
773
_a
Yojana
909
_a
2541
999
_c
2541
_d
2541